| 000 | 00555nam a2200205Ia 4500 | ||
|---|---|---|---|
| 003 | BUBTL | ||
| 008 | 151213s9999 xx 000 0 und d | ||
| 020 | _a7041480-7 | ||
| 082 | _a515/MEC | ||
| 100 |
_a Mendelson, Elliot _93707 |
||
| 245 |
_aCalculus _cElliot Mendelson |
||
| 260 |
_aNew York _bMc Graw Hill _cc1988 |
||
| 300 |
_a[v] , 442p . : _bill . ; 26cm. |
||
| 650 |
_aMathematics _93708 |
||
| 650 |
_aMathematics _93708 |
||
| 700 |
_aElliot Mendelson _93709 |
||
| 856 |
_k0 _l0 _yDownload |
||
| 942 |
_2ddc _cBK |
||
| 999 |
_c3346 _d3346 |
||